000 02093cam a2200457 a 4500
001 3821782
005 20200421093825.0
008 041223m20059999nju b 001 0 eng
010 _a2005041030
015 _aGBA500537
020 _a0201853922 (v. 1. fasc. 1 : pbk.) :
_cNo price
020 _a9780321534965 (v. 4. fasc. 0 : pbk.)
020 _a0321534964 (v. 4. fasc. 0 : pbk.)
020 _a9780321580504 (v. 4. fasc. 1 : pbk.)
020 _a0321580508 (v. 4. fasc. 1 : pbk.)
020 _a0201853930 (v. 4. fasc. 2 : pbk.) :
_c£10.99
020 _a9780201853940 (v. 4. fasc. 3 : pbk.)
020 _a0201853949 (v. 4. fasc. 3 : pbk.) :
_c£10.99
020 _a0321335708 (v. 4. fasc. 4 : pbk.) :
_c£13.99
035 _a(Uk)013073960
035 _a1085428
040 _aStDuBDS
042 _aukblsr
050 0 0 _aQA76.6
_b.K64 2005
082 0 0 _a005.1
_222
100 1 _aKnuth, Donald Ervin,
_d1938-
_9102
245 1 4 _aThe art of computer programming /
_cDonald E. Knuth.
260 _aUpper Saddle River, N.J. ;
_aLondon :
_bAddison-Wesley,
_cc2005-
300 _av. :
_bill. ;
_c25 cm.
504 _aIncludes bibliographical references and index.
505 1 _av. 1, fasc. 1. A RISC computer for the new millennium -- v. 4, facs. 0. Introduction to combinatorial algorithms and Boolean functions -- v. 4, fasc. 1. Bitwise tricks & techniques. Binary decision diagrams -- v. 4, fasc. 2. Generating all tuples and permutations -- v. 4, fasc. 3. Generating all combinations and partitions -- v. 4, fasc. 4. Generating all trees : history of combinatorial generation --
650 0 _aComputer programming.
_9973
650 0 _aComputer algorithms.
740 0 2 _aMMIX RISC computer for the new millennium.
740 0 2 _aIntroduction to combinatorial algorithms and Boolean functions.
740 0 2 _aBitwise tricks & techniques. Binary decision diagrams.
740 0 2 _aGenerating all tuples and permutations.
740 0 2 _aGenerating all combinations and partitions.
740 0 2 _aGenerating all trees : history of combinatorial generation.
942 _2ddc
_cBK
999 _c289
_d289